| 000 | 00896nam0a22002651 4500 | ||
|---|---|---|---|
| 001 | rc\3618739 | ||
| 005 | 20130115144110.4 | ||
| 021 |
_aRU _b[75-15413] |
||
| 035 | _a(NLR Aleph) 007819968 | ||
| 090 |
_a7740509 _c7740509 |
||
| 100 | _a20130115d1974 |||y0rusy50 ca | ||
| 101 | 0 | _arus | |
| 102 | _aRU | ||
| 105 | _ac z ||||| | ||
| 200 | 1 |
_aЛюди индустриального Киргизстана _fАН КиргССР. Ин-т истории |
|
| 210 |
_aФрунзе _cИлим _d1974 |
||
| 215 |
_a75 с. _cпортр. _d20 |
||
| 606 |
_aРабочий класс в Киргизской СССР _2psbo |
||
| 700 | 1 |
_aМалабаев _bД. М. _gДжолдошбай Малабаевич |
|
| 701 | 1 |
_aСарыков _bТ. К. _gТалип Каримбердиевич |
|
| 801 | 0 |
_aRU _bNLR _gpsbo |
|
| 801 | 1 |
_aRU _bELAR _2rusmarc |
|
| 852 |
_aNLR _j75-4/1510 |
||
| 942 | _cBOOK | ||
| 980 | _aNB | ||